A polynomial-time algorithm in general quadratic programming and ground-state properties of spin glasses

Saved in:
Bibliographic Details
Main Authors: Canisius, Joachim (Author) , Hemmen, Jan L. van (Author)
Corporate Authors: Sonderforschungsbereich Stochastische Mathematische Modelle (Other) , Deutsche Forschungsgemeinschaft (Other)
Format: Book/Monograph Working Paper
Language:English
Published: Heidelberg 1985
Series:Preprint. Sonderforschungsbereich 123. Stochastische mathematische Modelle. Universität Heidelberg 340
In: Preprint / Sonderforschungsbereich <123> Stochastische Mathematische Modelle, Universität Heidelberg (340)

Online Access: Get full text
Author Notes:J. Canisius; J. L. van Hemmen. Sonderforschungsbereich 123 Stochastische Mathematische Modelle, Universität Heidelberg; Deutsche Forschungsgemeinschaft, Bonn

MARC

LEADER 00000cam a22000002c 4500
001 016862015
003 DE-627
005 20260209173408.0
007 tu
008 881129s1985 xx ||||| 00| ||eng c
035 |a (DE-627)016862015 
035 |a (DE-576)9016862013 
035 |a (DE-599)GBV016862015 
035 |a (OCoLC)46129520 
040 |a DE-627  |b ger  |c DE-627  |e rakwb 
041 |a eng 
084 |a 27  |2 sdnb 
100 1 |a Canisius, Joachim  |0 (DE-588)1388867982  |0 (DE-627)1951006453  |4 aut 
245 1 2 |a A polynomial-time algorithm in general quadratic programming and ground-state properties of spin glasses  |c J. Canisius; J. L. van Hemmen. Sonderforschungsbereich 123 Stochastische Mathematische Modelle, Universität Heidelberg; Deutsche Forschungsgemeinschaft, Bonn 
264 1 |a Heidelberg  |c 1985 
300 |a 19 Bl. 
336 |a Text  |b txt  |2 rdacontent 
337 |a ohne Hilfsmittel zu benutzen  |b n  |2 rdamedia 
338 |a Band  |b nc  |2 rdacarrier 
490 1 |a Preprint. Sonderforschungsbereich 123. Stochastische mathematische Modelle. Universität Heidelberg  |v 340 
583 1 |a Archivierung prüfen  |c 20240324  |f DE-4165  |z 2  |2 pdager 
700 1 |a Hemmen, Jan L. van  |d 1947-  |0 (DE-588)12389235X  |0 (DE-627)085506141  |0 (DE-576)161375138  |4 aut 
710 2 |a Sonderforschungsbereich Stochastische Mathematische Modelle  |g Heidelberg  |0 (DE-588)121322-2  |0 (DE-627)102124981  |0 (DE-576)190634502  |4 oth 
710 2 |a Deutsche Forschungsgemeinschaft  |0 (DE-588)2007744-0  |0 (DE-627)101596200  |0 (DE-576)191628816  |4 oth 
810 2 |a Sonderforschungsbereich Stochastische Mathematische Modelle  |g Heidelberg  |t Preprint / Sonderforschungsbereich <123> Stochastische Mathematische Modelle, Universität Heidelberg  |v 340  |9 340  |w (DE-627)130274526  |w (DE-576)022891110  |w (DE-600)565121-9  |7 am 
951 |a BO 
992 |a 20260203 
993 |a WorkingPaper 
994 |a 1985 
998 |g 12389235X  |a Hemmen, Jan L. van  |m 12389235X:Hemmen, Jan L. van  |d 500000  |d 500123  |e 500000PH12389235X  |e 500123PH12389235X  |k 0/500000/  |k 1/500000/500123/  |p 2  |y j 
998 |g 1388867982  |a Canisius, Joachim  |m 1388867982:Canisius, Joachim  |d 500000  |d 500123  |e 500000PC1388867982  |e 500123PC1388867982  |k 0/500000/  |k 1/500000/500123/  |p 1  |x j 
999 |a KXP-PPN016862015  |e 4874845584 
BIB |a Y 
JSO |a {"type":{"bibl":"book"},"corporate":[{"role":"oth","display":"Sonderforschungsbereich Stochastische Mathematische Modelle"},{"role":"oth","display":"Deutsche Forschungsgemeinschaft"}],"origin":[{"publisherPlace":"Heidelberg","dateIssuedDisp":"1985","dateIssuedKey":"1985"}],"title":[{"title":"A polynomial-time algorithm in general quadratic programming and ground-state properties of spin glasses","title_sort":"polynomial-time algorithm in general quadratic programming and ground-state properties of spin glasses"}],"person":[{"role":"aut","given":"Joachim","family":"Canisius","display":"Canisius, Joachim"},{"family":"Hemmen","display":"Hemmen, Jan L. van","given":"Jan L. van","role":"aut"}],"id":{"eki":["016862015"]},"language":["eng"],"name":{"displayForm":["J. Canisius; J. L. van Hemmen. Sonderforschungsbereich 123 Stochastische Mathematische Modelle, Universität Heidelberg; Deutsche Forschungsgemeinschaft, Bonn"]},"physDesc":[{"extent":"19 Bl."}],"relMultPart":[{"corporate":[{"display":"Sonderforschungsbereich Stochastische Mathematische Modelle","role":"aut"}],"language":["ger"],"dispAlt":"Sonderforschungsbereich Stochastische Mathematische Modelle <Heidelberg>: Preprint / Sonderforschungsbereich <123> Stochastische Mathematische Modelle, Universität Heidelberg","titleAlt":[{"title":"Preprint-Reihe"}],"part":{"number_sort":["340"],"number":["340"]},"title":[{"title":"Preprint / Sonderforschungsbereich <123> Stochastische Mathematische Modelle, Universität Heidelberg","title_sort":"Preprint / Sonderforschungsbereich <123> Stochastische Mathematische Modelle, Universität Heidelberg"}],"pubHistory":["Nr. 1.1978 - 711.1992; damit Ersch. eingest."],"origin":[{"publisherPlace":"Heidelberg","dateIssuedKey":"1978","dateIssuedDisp":"1978-1992"}],"type":{"bibl":"serial"},"disp":"Preprint. Sonderforschungsbereich 123. Stochastische mathematische Modelle. Universität Heidelberg","recId":"130274526","id":{"eki":["130274526"],"zdb":["565121-9"]}}],"recId":"016862015"} 
SRT |a CANISIUSJOPOLYNOMIAL1985